| 000 | 00534nam a22001937a 4500 | ||
|---|---|---|---|
| 003 | OSt | ||
| 005 | 20170405143634.0 | ||
| 008 | 170405b xxu||||| |||| 00| 0 eng d | ||
| 020 | _a0521648629 | ||
| 040 | _cDDC. | ||
| 082 | _a530ESP 1998. | ||
| 100 |
_aEsposito,Giampiero; _912061 |
||
| 245 | _aDirac Operators and spectral Geometry: | ||
| 260 | _aCambridge;Cambridge University Press,1998. | ||
| 300 |
_axiii,209p; _bill; _c24cm. |
||
| 504 | _aincludes references and index. | ||
| 650 |
_aGeometry. _912062 |
||
| 942 |
_2ddc _cO_SHELF |
||
| 999 |
_c5804 _d5804 |
||